00445 2200181 4500001002100000008004100021035002000062245004800082100002000130250000600150260003500156300001200191084001400203082000800217650001400225990001200239990001200251INLIS000000000000309 ind  a0010-0424000285 aAtlas Tematik : Kab. BanjarcAgung Feryanto aFeryanto, Agung a1 aKlaten :bIntan Pariwarac2013 a148 hlm a520 AGU a a520 aReferensi a0728779 a0728780